Statistics for Super Smash Bros Perfect Attendence

Click here to take the quiz!

General Stats

  • This quiz has been taken 1,880 times
    (1,875 since last reset)
  • The average score is 12 of 12

Answer Stats

HintAnswer% Correct
PlumberMario
99%
PokemonPikachu
99%
Takes forms of others by sucking them upKirby
98%
Leader of the Starfox teamFox
98%
SwordsmanLink
97%
Mario's brotherLuigi
97%
Dinosaur from the Mushroom KingdomYoshi
96%
F-Zero racerCaptain Falcon
95%
Kid from EarthboundNess
95%
Pokemon put people to sleep by singingJigglypuff
95%
Galactic bounty hunterSamus
93%
Donkey KongDK
93%

Score Distribution

Percentile by Number Answered

Percent of People with Each Score

Your Score History

You have not taken this quiz since the last reset